000 01121nam a2200265Ia 4500
003 Ost
005 20260416102354.0
008 260416s9999||||xx |||||||||||||| ||und||
040 _cfsecg
041 _aara
082 _a658.045
100 _aسايب، الزيتوني
_eمؤلف
245 0 _aتسيير المؤسسات -دروس ومحاضرات- /
_c الزيتوني سايب
260 _aالجزائر
_bجامعة الجزائر3: كلية العلوم الإقتصادية، العلوم التجارية وعلوم التسيير
_c2019
300 _a75 ورقة
_bايضاحات
_c30 سم
504 _aمراجع ص.74
520 _aالمدارس التسييرية، مدخل للمؤسسة الاقتصادية، مدخل للتسيير
653 _aالتسيير
653 _aالتنظيم
653 _aالتوجيه
653 _aالرقابة
653 _aالشركات-تنظيم و إدارة
710 _aجامعة الجزائر3: كلية العلوم الإقتصادية، العلوم التجارية وعلوم التسيير
_eناشر علمي
942 _cHANDOUT
999 _c41128
_d41128